000 00281nam a2200133Ia 4500
008 260604s9999 xx 000 0 und d
020 _a9780241677261
082 _a823.91 DAH
100 _aDAHL, ROALD
_935354
245 0 _aTHE BFG
260 _bPEN
500 _aBFG
942 _cBK
999 _c8147
_d8147